Linear algebra: concepts and methods

Αποθηκεύτηκε σε:
Λεπτομέρειες βιβλιογραφικής εγγραφής
Κύριοι συγγραφείς: Anthony, Martin (Συγγραφέας), Harvey, Michele (Συγγραφέας)
Μορφή: Βιβλίο
Γλώσσα:English
Δημοσίευση: Cambridge: Cambridge University Press, c2012.
Θέματα:
Ετικέτες: Προσθήκη ετικέτας
Δεν υπάρχουν, Καταχωρήστε ετικέτα πρώτοι!

MARC

LEADER 00000nam a2200000 a 4500
001 1/111639
008 160901t2012####uk | ||| |||| ||eng||
020 |a 9780521279482   |q (χαρτόδετο)  
040 |a GR-MyUa  |b gre  |c GR-MyUa  |e AACR2 
041 0 |a eng 
082 7 |a 512.5   |2 (23)  
100 1 |a Anthony, Martin,  |e aut 
245 1 0 |a Linear algebra:   |b concepts and methods /   |c Martin Anthony and Michele Harvey.  
260 |a Cambridge:   |b Cambridge University Press,   |c c2012.  
300 |a xiv, 516 σ. :   |b διαγρ. ;   |c 25 εκ.  
504 |a Ευρετήριο: σ.513-516.  
650 0 |a Algebras, Linear 
700 1 |a Harvey, Michele,  |e aut 
852 |a INST  |b CHIOS  |c EUDOXUS  |e 20160901  |h 512.5 ANT  |p 005200039055  |q 005200039055  |t BK  |y 0 
920 |a Εύδοξος  |b Παραγγελία  |y Χίος-ΤΜΟΔ  |z 2016-06 
970 |a Σπέντζα  |b Ελένη  |z 01-09-2016